| 000 | 00582nam a22001817a 4500 | ||
|---|---|---|---|
| 999 |
_c184479 _d184479 |
||
| 005 | 20220120163852.0 | ||
| 010 | _aENG-131287 | ||
| 020 |
_a978-93-90906-64-2 _c275.00 |
||
| 035 | _aEN-114819 | ||
| 037 | _bDBAD | ||
| 082 | _a348.54044 | ||
| 100 | _aAgrawal, P.K. | ||
| 245 |
_aSupreme Court Judgments: _cP.K. Agrawal _b85 LANDMARK/ |
||
| 260 |
_aNew Delhi _bPrabhat Exam _c2022 |
||
| 270 |
_bNew Delhi _a4/19, Asaf Ali Road _e110002 _k23289555, 23289666 _mprabhatbook@gmail.com |
||
| 300 |
_avii, 262p. _c21cm(pbk) _bReferences |
||
| 942 |
_2ddc _cEN _h348.54044 _mAGR |
||